Представление документа в формате RUSMARC

ПолеНазваниеЗначение
  Тип записи a
  Библиографический уровень m
001 Контрольный номер RU/CBS_UL/BASE/bdc3c8d2e0de40e698ddc1d1700af315
005 Дата корректировки 20240614113312.6
010 Индекс ISBN __
d Цена 59 р. 00 к.
9 Тираж экз.
100 Данные общей обработки __
a Данные общей обработки 20170901d2017 ||| 0rusy0189 ca
101 Язык документа 0_
a Язык текста rus
102 Страна публикации __
a Страна публикации RU
105 Кодированные данные (монография) __
a Кодированные данные (монография) y###||||000|y
181 Поле кодированных данных: вид содержания _1
a Код вида содержания (ISBD) i#
b Код характеристики содержания (ISBD) #xxe##
d i
g x
h x
i e
2 Код системы (источник кода, отличный от ISBD) isbdcontent
182 Поле кодированных данных: тип средства _1
a Код типа средства (ISBD) n
2 Код системы (источник кода, отличный от ISBD) isbdmedia
200 Заглавие и сведения об ответственности 1_
a Заглавие Наследство
b Общее обозначение материала Текст
f Первые сведения об ответственности А. В. Никифоров
w Текст (визуальный) : непосредственный
203 Вид содержания и тип средства __
a Вид содержания Текст
b Характеристика содержания визуальный
c Тип средства непосредственный
205 Сведения об издании __
a Основные сведения об издании 4-е изд.
210 Выходные данные 1_
a Место издания Москва
c Издательство Риор
d Дата издания 2009
215 Физическое описание __
a Объем 80 с.
d Формат см.
300 Общие примечания __
a Общие примечания 16+
300 Общие примечания __
a Общие примечания Под инв. номером 128540: 2-1
606 Тематические рубрики 0_
a Основная рубрика Наследственное право
610 Ключевые слова 0_
a Ключевые слова право наследственное; наследство; вопросы правовые
686 Индексы других классификаций __
a Классификационный индекс 67.404.5
2 Код системы ББК
700 Автор _1
a Фамилия Никифоров
b Имя (инициалы) А. В.
g Полное личное имя Александр Владимирович
801 Источник записи _0
a Страна RU
b Организация МБУК ЦБС
c Дата составления 20170901
g Правила каталогизации RCR
801 Источник записи _1
a Страна RU
b Организация МБУК ЦБС г. Ульяновска
c Дата составления 20170901
g Правила каталогизации RCR
852 Данные о местонахождении __
i Авторский знак Н 62
j Шифр хранения 67.404.5
901 Тип документа __
t Тип документа m